Statistics for Authors First Names

Click here to take the quiz!

General Stats

  • This quiz has been taken 715 times
  • The average score is 8 of 16

Answer Stats

Hint Answer % Correct
HemingwayErnest
97%
JoyceJames
93%
StokerBram
84%
DefoeDaniel
77%
CrichtonMichael
73%
KoontzDean
64%
LudlumRobert
59%
CoelhoPaul
53%
WaughEvelyn
52%
RothPhilip
42%
CornwellPatricia
41%
PalahniukChuck
33%
ChildLee
24%
KeeneCarolyn
14%
ReillyMartina
1%
RoseMalcolm
1%

Score Distribution

Percentile by Number Answered

Percent of People with Each Score

Your Score History

You have not taken this quiz